000 00482nam a2200157Ia 4500
008 210719s2008 xx 000 0 und d
041 _aeng
082 _a491.463 QUAW
100 _aQUADROS (Stephen)
245 _aWelcome to konkani: konkani select vocabulary
260 _aMangalore
_bKarnataka Konkani Sahitya Akademy.
_c2008
300 _avii,325
_bHB
365 _b250
_cRs
650 _aKonkani Dictionary
906 _akonkani ; konkani: ; select ; to ; vocabulary ; Welcome
999 _c215706
_d215706